000 00686nam a2200241Ia 4500
003 OSt
005 20220926010450.0
006 a|||||r|||| 00| 0
007 ta
008 220923b |||||||| |||| 00| 0 eng d
020 _a9788126518531
037 _cGeneral Book
040 _aRTL
_cRTL
_beng
041 _2eng
_aeng
082 _aB281, P2
100 _aTRIVEDI Kishor S
_9312328
245 0 _aProbability and statistics with reliability, queing and computer science applications
250 _a2nd
260 _a New Delhi
_bWiley India
_c2002
300 _axv,830p
_ccm.
942 _hB281, P2
_cGB
_2CC
999 _c617294
_d617294